000 00305nam a22001337a 4500
008 170622b xxu||||| |||| 00| 0 eng d
020 _a9780312172923
041 _aeng
080 _a329
100 _a21
101 _aSHP
245 _aPOLITICAL PARTIES IN THE EUROPEAN UNION
_cHIX,S
942 _2udc
_cBK
999 _c18659
_d18659